00262nam a22000977a 4500008004100000082001300041245002400054260005400078300001200132440002000144230621b xxu||||| |||| 00| 0 eng d a328bASP aLegislative Studies aAustraliabAustralasian Study of Parliament Group aII,113p n1v10x08169152